[Event "Pardubice Czech op-B 29th"]
[Site "Pardubice"]
[Date "2018.07.27"]
[Round "8"]
[White "Taranenko, Evgueniy"]
[Black "Sidorika, Vladislav"]
[Result "1-0"]
[WhiteElo "2204"]
[BlackElo "2066"]
[PlyCount "85"]
[EventDate "2018.07.20"]
[EventType "swiss"]
[EventRounds "9"]
[EventCountry "CZE"]
[SourceTitle "CBM 186 Extra"]
[Source "ChessBase"]
[SourceDate "2018.08.24"]
[SourceVersion "1"]
[SourceVersionDate "2018.08.24"]
[SourceQuality "1"]

1. b3 d5 2. Bb2 Bg4 3. g3 c6 4. Bg2 Nd7 5. Nf3 e6 6. d3 Ngf6 7. Nbd2 Bc5 8. 0-0 0-0 9. c4 Re8 10. Rc1 a5 11. h3 Bh5 12. g4 Bg6 13. Nh4 Qb6 14. Nxg6 hxg6 15. e4 dxe4 16. Nxe4 Nxe4 17. dxe4 e5 18. Qc2 Nf8 19. g5 Rad8 20. h4 Bd4 21. c5 Qb4 22. a3 Qb5 23. Bxd4 Rxd4 24. Rfd1 Ne6 25. Bf1 Qxc5 26. Qxc5 Nxc5 27. Rxd4 exd4 28. Rxc5 Rxe4 29. Rxa5 Rxh4 30. Ra8+ Kh7 31. Rb8 Rg4+ 32. Kh2 Rxg5 33. Rxb7 Rh5+ 34. Kg2 Rg5+ 35. Kh1 Ra5 36. a4 f5 37. Rd7 c5 38. Rd5 Kh6 39. Bb5 Kg5 40. Rxc5 Kf4 41. Rd5 Ke4 42. Rd7 Kf3 43. b4 1-0

[Event "Pardubice Czech op-B 29th"]
[Site "Pardubice"]
[Date "2018.07.22"]
[Round "3"]
[White "Kubat, Pavel"]
[Black "Taranenko, Evgueniy"]
[Result "0-1"]
[WhiteElo "2010"]
[BlackElo "2204"]
[PlyCount "88"]
[EventDate "2018.07.20"]
[EventType "swiss"]
[EventRounds "9"]
[EventCountry "CZE"]
[SourceTitle "CBM 186 Extra"]
[Source "ChessBase"]
[SourceDate "2018.08.24"]
[SourceVersion "1"]
[SourceVersionDate "2018.08.24"]
[SourceQuality "1"]

1. g3 Nc6 2. Bg2 e5 3. c4 f5 4. Nc3 Nf6 5. d3 Bc5 6. e3 a6 7. Nge2 Ba7 8. 0-0 d6 9. Rb1 0-0 10. b4 Qe8 11. b5 axb5 12. Nxb5 Bb8 13. Nec3 Ne7 14. Qb3 Kh8 15. Ba3 Qd8 16. d4 e4 17. d5 Ng6 18. Nd4 Ne5 19. Nce2 Ba7 20. Rfd1 Bxd4 21. Nxd4 b6 22. Bb2 Qe7 23. Rdc1 Nd3 24. Nc6 Nxc1 25. Rxc1 Qf7 26. a3 Bd7 27. Nd4 Ng4 28. Bf1 Ne5 29. Be2 Qg6 30. Kg2 f4 31. exf4 Rxf4 32. Qe3 Raf8 33. Rf1 Ng4 34. Bxg4 Qxg4 35. f3 exf3+ 36. Rxf3 Rxf3 37. Nxf3 Re8 38. Qf2 Qxc4 39. Nd4 Qxd5+ 40. Kg1 Qe4 41. Nf3 Rf8 42. Qd4 Qxd4+ 43. Nxd4 Bh3 44. Ne2 Rf1# 0-1

[Event "Prague op 17th"]
[Site "Prague"]
[Date "2018.01.16"]
[Round "6"]
[White "Schippers, Maurice"]
[Black "Taranenko, Evgueniy"]
[Result "1-0"]
[WhiteElo "2309"]
[BlackElo "2154"]
[PlyCount "113"]
[EventDate "2018.01.12"]
[EventType "swiss"]
[EventRounds "9"]
[EventCountry "CZE"]
[SourceTitle "CBM 182 Extra"]
[Source "ChessBase"]
[SourceDate "2018.02.23"]
[SourceVersion "1"]
[SourceVersionDate "2018.02.23"]
[SourceQuality "1"]

1. e4 c5 2. Nf3 e6 3. b3 Nf6 4. e5 Nd5 5. c4 Nc7 6. Bb2 Be7 7. Nc3 0-0 8. Ne4 Ne8 9. Bd3 f5 10. exf6 Nxf6 11. Qc2 Kh8 12. Neg5 h6 13. Be2 hxg5 14. Nxg5 Ne4 15. Nxe4 d5 16. Qc3 d4 17. Qh3+ Kg8 18. Bg4 Qb6 19. 0-0 Na6 20. Rae1 e5 21. Ng3 Bxg4 22. Qxg4 Bf6 23. f4 exf4 24. Re6 fxg3 25. Rxb6 gxh2+ 26. Kxh2 axb6 27. Qe6+ Rf7 28. a3 Raf8 29. g3 Nb8 30. Kg2 Nc6 31. Rf5 Ne7 32. Rh5 g6 33. Rh1 Nc6 34. b4 Ne5 35. Rf1 Nd7 36. d3 Kg7 37. Bc1 Re7 38. Qd6 Re2+ 39. Kg1 Rf7 40. Bf4 Ree7 41. Qd5 Ne5 42. Bxe5 Rxe5 43. Qd6 Re3 44. Kg2 Rxd3 45. Qxb6 cxb4 46. axb4 Rc3 47. Rxf6 Rc2+ 48. Kh3 Rxf6 49. Qxb7+ Kh6 50. Qd5 Rf5 51. Qxd4 Rh5+ 52. Kg4 Rg5+ 53. Kf3 Rf5+ 54. Ke3 Rff2 55. Qh8+ Kg5 56. Qh4+ Kf5 57. g4+ 1-0

[Event "UKR-ch sf"]
[Site "Omelnyk"]
[Date "2017.10.03"]
[Round "1"]
[White "Taranenko, Evgueniy"]
[Black "Kovchan, Alexander"]
[Result "0-1"]
[WhiteElo "2171"]
[BlackElo "2593"]
[PlyCount "70"]
[EventDate "2017.10.03"]
[EventType "swiss"]
[EventRounds "9"]
[EventCountry "UKR"]
[SourceTitle "CBM 181 Extra"]
[Source "ChessBase"]
[SourceDate "2017.12.12"]
[SourceVersion "1"]
[SourceVersionDate "2017.12.12"]
[SourceQuality "1"]

1. e4 c5 2. Nf3 d6 3. Bb5+ Nd7 4. d4 cxd4 5. Qxd4 a6 6. Bxd7+ Bxd7 7. c4 Bg4 8. Nc3 Bxf3 9. gxf3 e6 10. b3 Ne7 11. Bb2 Nc6 12. Qe3 Qa5 13. 0-0 Be7 14. Ne2 Qh5 15. Ng3 Qg6 16. f4 Qh6 17. Rad1 Rd8 18. Rfe1 0-0 19. Kh1 g6 20. Rg1 Rfe8 21. Ne2 Qh5 22. Rg3 Qc5 23. Qf3 Bh4 24. Rg2 d5 25. Qh5 Qe7 26. Rdg1 Bf6 27. Bxf6 Qxf6 28. f5 exf5 29. exd5 Ne5 30. Qh3 Ng4 31. Qf3 Qb2 32. Ng3 Ne5 33. Qf4 Nd3 34. Qh6 Nxf2+ 35. Rxf2 Qxf2 0-1